Problems in applied mathematics : selections from SIAM review /

Guardado en:
Autor Corporativo: Society for Industrial and Applied Mathematics.
Otros Autores: Klamkin, Murray S. (Editor )
Formato: Libro
Idioma:English
Publicado: Philadelphia : Society for Industrial and Applied Mathematics, c1990.
Materias:
Acceso en línea:Publisher description
Table of contents only
Etiquetas: Agregar Etiqueta
Sin Etiquetas, Sea el primero en etiquetar este registro!
LEADER 01042pam a2200253 a 4500
001 MAT.inmabb006387
008 900925s1990####paua#####b####000#0#eng##
005 20130312105738.0
245 0 0 |a Problems in applied mathematics :  |b selections from SIAM review /  |c edited by Murray S. Klamkin. 
260 |a Philadelphia :  |b Society for Industrial and Applied Mathematics,  |c c1990. 
300 |a xxv, 588 p. :  |b il. ;  |c 25 cm. 
504 |a Incluye referencias bibliográficas (p. 585-588). 
510 4 |a MR,  |c 92g:00034 
020 |a 0898712599 
700 1 |a Klamkin, Murray S.  |4 edt 
710 2 |a Society for Industrial and Applied Mathematics. 
730 0 |a SIAM review. 
650 0 |a Mathematics  |x Problems, exercises, etc. 
084 |a 00B60 (00A69)  |2 MR 
010 |a  90049670  
040 |a DLC  |c DLC  |d DLC 
856 4 2 |3 Publisher description  |u http://www.loc.gov/catdir/enhancements/fy0726/90049670-d.html 
856 4 1 |3 Table of contents only  |u http://www.loc.gov/catdir/enhancements/fy0726/90049670-t.html 
859 |h 00A69  |i P962  |p A-8619  |b BIB. MATEMATICA